|
|
|
|
| LEADER |
00000naa a2200000uu 4500 |
| 001 |
vtls010954329 |
| 003 |
SK-MaSNL |
| 005 |
20260302124015.0 |
| 008 |
210909|1999 xo |||||||||||||||||slo| |
| 015 |
|
|
|a SNBRA
|
| 035 |
|
|
|a (urnnbn)urn:nbn:sk:snk:ar-a0bmbj
|
| 035 |
|
|
|a (uuid)da8219b9-d990-4092-a9ed-d6c22e4246ae
|
| 035 |
|
|
|a urn:nbn:sk:snk-aaueal
|
| 040 |
|
|
|a SNKBUCL
|b slo
|c SNKBUCL
|e AACR2
|
| 041 |
0 |
|
|a slo
|
| 044 |
|
|
|a xo
|c SK
|
| 100 |
1 |
|
|a Šály, Rudolf,
|d 1927-
|4 aut
|9 192319
|
| 245 |
1 |
0 |
|a OHROZENIE PÔDNEJ ÚRODNOSTI V LESOCH SR V DÔSLEDKU ATMOSFÉRICKEJ DEPOZÍCIE
|c Rudolf Šály
|
| 773 |
0 |
|
|t Atmosférická depozícia a ekofyziologické procesy v ekosystémoch
|d Vo Zvolene : Technická univerzita, 1999
|g S. 13-18
|z 8022808008
|
| 958 |
|
|
|a OND
|
| 958 |
|
|
|a article11
|
| 958 |
|
|
|a chapter
|
| 999 |
|
|
|c 1285713
|d 1287643
|